000 00691cam a22002413a 4500
001 16802
003 PGUSA
005 20140828083346.0
008 051004s2005||||xxu|||||s|||||000 | eng d
040 _aPGUSA
_beng
042 _adc
050 4 _aBJ
100 1 _aAmerican lady
245 1 4 _aThe Ladies' Vase; Or, Polite Manual for Young Ladies
_h[electronic resource] /
_cAmerican lady
260 _bProject Gutenberg,
_c2005
506 _aPublic domain in the USA.
516 _aElectronic text
653 _aYoung women -- Conduct of life
653 _aEtiquette for women
830 0 _aProject Gutenberg
_v16802
856 4 0 _uhttp://www.gutenberg.org/ebooks/16802
942 _cEB
999 _c246057
_d246057